FUNDAMENTALS OF ANATOMY & PHYSIOLOGY (WITH CD) / (Record no. 796751)

MARC details
000 -LEADER
fixed length control field 00498pam a2200181 a 4500
020 ## - INTERNATIONAL STANDARD BOOK NUMBER
International Standard Book Number 8131503534
Terms of availability 599.00
041 ## - LANGUAGE CODE
Language code of text/sound track or separate title eng
Language code of original NULL
082 ## - DEWEY DECIMAL CLASSIFICATION NUMBER
Classification number 612
Item number RIZ
100 ## - MAIN ENTRY--PERSONAL NAME
Personal name RIZZO, D. C.
245 ## - TITLE STATEMENT
Title FUNDAMENTALS OF ANATOMY & PHYSIOLOGY (WITH CD) /
Statement of responsibility, etc. NULL.
Medium Textual Documents
250 ## - EDITION STATEMENT
Edition statement 2 ED /
Remainder of edition statement .
260 ## - PUBLICATION, DISTRIBUTION, ETC.
Place of publication, distribution, etc. NULL :
Name of publisher, distributor, etc. THOMSON,DELMAR LEARNING ,
Date of publication, distribution, etc. 2006.
300 ## - PHYSICAL DESCRIPTION
Extent 518 : :
Other physical details XXIX ; ;
Dimensions A4 . +
Accompanying material PB.
365 ## - TRADE PRICE
Price type code 599.00
650 ## - SUBJECT ADDED ENTRY--TOPICAL TERM
Topical term or geographic name entry element PHYSIOLOGY
930 ## - EQUIVALENCE OR CROSS-REFERENCE-UNIFORM TITLE HEADING [LOCAL, CANADA]
Uniform title 2215
Holdings
Withdrawn status Lost status Damaged status Not for loan Collection Home library Current library Date acquired Source of acquisition Cost, normal purchase price Total Checkouts Full call number Barcode Date last seen Copy number Price effective from Koha item type
          Medical College & Hospital, Sangli Medical College & Hospital, Sangli 09/10/2007 B.M.S.G.B.PUNE 599.00   612 RIZ MCS-5513 26/07/2023 1 26/07/2023 Book